Current and Future Position of Programmatic Buying in Digital Investments on the Slovak Market

Analýza pozície a podielu programového nákupu na "koláči" priemerných digitálnych investícií na slovenskom trhu. Trend investovania do digitálnych marketingových platforiem v posledných rokoch na slovenskom trhu; porovnanie voči trendu marketingových nákladov.

Salvato in:
Dettagli Bibliografici
Autore principale: Kuchta, Martin, 1990-
Altri autori: Miklošík, Andrej
Natura: Capitolo di libro
Lingua:inglese
Soggetti:
Tags: Aggiungi Tag
Nessun Tag, puoi essere il primo ad aggiungerne!!

MARC

LEADER 00000nla a2200000 4500
001 0241905
005 20240502073934.3
041 0 |a eng 
044 |a SK 
245 1 0 |a Current and Future Position of Programmatic Buying in Digital Investments on the Slovak Market  |c Martin Kuchta, Andrej Miklošík 
520 |a Analýza pozície a podielu programového nákupu na "koláči" priemerných digitálnych investícií na slovenskom trhu. Trend investovania do digitálnych marketingových platforiem v posledných rokoch na slovenskom trhu; porovnanie voči trendu marketingových nákladov. 
610 2 0 |a marketing 
610 2 0 |a marketing elektronický 
610 2 0 |a investície 
610 2 0 |a inzercia 
610 2 0 |a reklama 
610 2 0 |a internet 
610 2 0 |a médiá 
610 2 0 |a nákup 
610 2 0 |a softvér 
610 2 0 |a spracovanie dát 
610 2 0 |a Slovensko 
100 1 |a Kuchta, Martin, 1990- 
700 1 |a Miklošík, Andrej